Princípy trhovej ekonomiky

Gespeichert in:
Bibliographische Detailangaben
1. Verfasser: Isachsen, A.J
Weitere Verfasser: Hamilton, C.B, Gylfason, Thorvaldur, Le Sageová, Helena
Format: Buch
Sprache:Slowakisch
Veröffentlicht: Bratislava Open Windows 1994
Schlagworte:
Tags: Tag hinzufügen
Keine Tags, Fügen Sie das erste Tag hinzu!

MARC

LEADER 00000nam a2200000 4500
001 c012803
005 20221128073712.6
020 |a 80-85741-04-0 
041 0 |a slo 
044 |a SK 
245 1 0 |a Princípy trhovej ekonomiky  |c A.J. Isachsen, C.B. Hamilton, T. Gylfason ; [z angl. prel.] Helena Le Sageová 
264 1 |a Bratislava  |b Open Windows  |c 1994 
300 |a 224 s. 
610 2 0 |a hospodárstvo trhové 
610 2 0 |a dopyt 
610 2 0 |a trh 
610 2 0 |a financie verejné 
610 2 0 |a peniaze 
610 2 0 |a trh kapitálový 
610 2 0 |a trh práce 
610 2 0 |a obchod medzinárodný 
610 2 0 |a privatizácia 
610 2 0 |a východná Európa 
610 2 0 |a stredná Európa 
610 2 0 |a účtovníctvo 
610 2 0 |a plánovanie 
610 2 0 |a prostredie ekonomické 
100 1 |a Isachsen, A.J. 
700 1 |a Hamilton, C.B. 
700 1 |a Gylfason, Thorvaldur 
700 1 |a Le Sageová, Helena